000 00384 a2200145 4500
001 169032
020 _a
040 _cMagnum
100 _aLassance, Maria Celia (Org.)
240 1 0 _aTecnicas para o trabalho de orientacao profissional em grupo
_lpor
245 1 0 _aTecnicas para o trabalho de orientacao profissional em grupo
362 0 _a1899
697 _aENSINO
942 _cBK
999 _c169032
_d169032